| 000 | 00691cab a2200241 4500 | ||
|---|---|---|---|
| 001 | WB3437-20 | ||
| 008 | 090401t1998 xxu||||| |||| 00| 0 eng d | ||
| 035 | _a(Sirsi) u88757 | ||
| 041 | _aeng | ||
| 245 | _aDuke opens estate to ramblers | ||
| 260 | _c1998 | ||
| 350 | _a0 | ||
| 490 |
_aDaily Telegraph _v30 September 1998, 7(1) |
||
| 520 | _aThe Duke of Westminster is to open up large tracts of his Abbeystead estate to the public. | ||
| 650 | _aACCESS TO THE COUNTRYSIDE | ||
| 650 | _aDUKE OF WESTMINSTER | ||
| 650 | _aPUBLIC ACCESS | ||
| 650 | _aRAMBLERS | ||
| 650 | _aRIGHT TO ROAM | ||
| 690 | _aHIGHWAYS RIGHTS OF WAY AND EASEMENTS | ||
| 942 | _n0 | ||
| 948 | _c30/09/1998 | ||
| 999 |
_c56110 _d56110 |
||